Statystyki dla Drogi krajowe w Polsce

Kliknij tutaj aby rozwiązać quiz!

Ogólne statystyki

  • Ten quiz został rozwiązany 132 razy
  • Średni wynik to 41 z 96

Statystyki odpowiedzi

HintOdpowiedź% Poprawnych
granica Państwa - Świecko - Poznań - Łódź - Warszawa - Siedlce - Terespol - granica PaństwaDK 2
95%
Świnoujście - Szczecin - Goleniów - Gorzów Wielkopolski - Zielona Góra - Lubin - Legnica - Bolków - Jelenia Góra - Jakuszyce - granica PaństwaDK 3
64%
granica Państwa - Białystok - Siemiatycze - Międzyrzec Podlaski - Lubartów - Lublin - Kraśnik - Janów Lubelski - Nisko - Rzeszów - Barwinek - granica PaństwaDK 19
61%
granica Państwa - Kudowa-Zdrój - Kłodzko - Wrocław - Oleśnica - Kępno - Sieradz - Piotrków Tryb. - Rawa Mazowiecka - Warszawa - Wyszków - Ostrów Mazowiecka - Białystok - Augustów - Budzisko - granica Państwa (najdłuższa droga krajowa w Polsce)DK 8
61%
Pruszcz Gdański - Grudziądz - Toruń - Włocławek - Łódź - Piotrków Trybunalski - Częstochowa - Pyrzowice (dalej ciąg autostradowy) - Piekary Śląskie - Gliwice - Gorzyczki - granica Państwa (Czechy)
Pyrzowice (dalej droga klasy S oraz GP) - Podwarpie - Dąbrowa Górnicza - Tychy - Bielsko-Biała - Żywiec - Zwardoń - granica Państwa (Słowacja)
DK 1
60%
Stargard - Drawsko Pomorskie - Szczecinek - Bytów - Kościerzyna - GdyniaDK 20
60%
granica Państwa - Kołbaskowo - Szczecin - Goleniów - Kołobrzeg - Koszalin - Słupsk - Lębork - Gdynia - Gdańsk - ŁęgowoDK 6
60%
Gdańsk - Tczew - Świecie - Toruń - Włocławek - Krośniewice - Łódź - Piotrków Tryb. - Radomsko - Częstochowa - Podwarpie (ugułem stara jedyneczka)DK 91
58%
stara dwójeczka, co się będę rozpisywaćDK 92
58%
granica Państwa - Kostrzyn - Gorzów Wielkopolski - Wałcz - Człuchów - Chojnice - Starogard Gdański - Malbork - Elbląg - Grzechotki - granica PaństwaDK 22
57%
Ciechanów - Płońsk - Wyszogród - Sochaczew - Grójec - Góra Kalwaria - Mińsk Mazowiecki - Łochów - Ostrów MazowieckaDK 50
56%
Zgorzelec - Bolesławiec - Krzywa - Legnica - Wrocław - Brzeg - Opole - Strzelce Opolskie - Bytom - Będzin - Sosnowiec - Dąbrowa Górnicza - Olkusz - Kraków - Tarnów - Rzeszów - Jarosław - RadymnoDK 94
56%
Warszawa - Garwolin - Ryki - Kurów - Lublin - Krasnystaw - Zamość - Tomaszów Lubelski - Hrebenne - granica PaństwaDK 17
54%
granica Państwa - Jędrzychowice - Wrocław - Gliwice - Katowice - Kraków - Tarnów - Dębica - Rzeszów - Jarosław - Korczowa - granica PaństwaDK 4
54%
Nowe Marzy - Bydgoszcz - Gniezno - Poznań - Leszno - Wrocław - Kamienna Góra - Lubawka - granica PaństwaDK 5
54%
Żukowo (DK 20) - Gdańsk - Elbląg - Ostróda - Olsztynek - Mława - Płońsk - Warszawa - Radom - Szydłowiec - Skarżysko-Kamienna - Kraków - Rabka-Zdrój - Chyżne - granica PaństwaDK 7
54%
granica Państwa - Węgorzewo - Giżycko - Pisz - Łomża - Zambrów - Sokołów Podlaski - Siedlce - Łuków - Radzyń Podlaski - Sławatycze - granica PaństwaDK 63
53%
Kołobrzeg - Koszalin - Szczecinek - Piła - Chodzież - Oborniki - Poznań - Jarocin - Pleszew - Ostrów Wielkopolski - Ostrzeszów - Kępno - Kluczbork - Lubliniec - BytomDK 11
52%
granica Państwa - Żary - Żagań - Szprotawa - Głogów - Wschowa - Leszno - Jarocin - Pleszew - Kalisz - Sieradz - Łask - Rzgów - Piotrków Tryb. - Opoczno - Przysucha - Radom - Puławy - Lublin - Chełm - Dorohusk - granica PaństwaDK 12
52%
węzeł Zabornia (DK 7) - Rabka-Zdrój - Nowy Targ - Zakopane (tzw. zakopianka)DK 47
51%
granica Państwa - Olszyna - Golnice - KrzyżowaDK 18
50%
Wiśniówka - Kielce - Busko-Zdrój - Dąbrowa Tarnowska - Tarnów - JasłoDK 73
50%
Warszawa - Góra Kalwaria - Kozienice - Zwoleń - Sandomierz - Połaniec - Kraków - Trzebinia - Chrzanów - Jaworzno - Katowice - Chorzów - BytomDK 79
50%
Podwarpie - Będzin - Sosnowiec - Katowice - TychyDK 86
50%
granica Państwa - Szczecin - Wałcz - Piła - Pawłówek - Białe Błota - Bydgoszcz - Toruń - Lipno - Sierpc - Drobin - PłońskDK 10
49%
Zator - Wadowice - Rabka-Zdrój - Limanowa - Nowy Sącz - Gorlice - Jasło - Krosno - Sanok - Przemyśl - Medyka - granica PaństwaDK 28
49%
Miasto Stołeczne Warszawa - Legionowo - Serock - Ostrołęka - Łomża - Grajewo - AugustówDK 61
49%
Radom - Ostrowiec Świętokrzyski - Opatów - Kolbuszowa - RzeszówDK 9
48%
Bobolice - Człuchów - Sępólno Krajeńskie - Bydgoszcz - Nowa Wieś Wielka - Inowrocław - Konin - Kalisz - Ostrów Wielkopolski - Antonin (DK 8)DK 25
47%
Gdańsk (terminal promowy Westerplatte) do DK 7DK 89
47%
granica miasta Świnoujście - DK 3DK 93
47%
Dolna Grupa (DK 91) - Grudziądz - Iława - Ostróda - Olsztyn - Mrągowo - Ełk - Augustów - Ogrodniki - granica PaństwaDK 16
46%
granica Państwa - Cieszyn - Bielsko-Biała - Wadowice - KrakówDK 52
46%
Topola Królewska (DK 91) - Kutno - Gostynin - Płock - Drobin - Glinojeck - Ciechanów - Maków Mazowiecki - Różan - Ostrów MazowieckaDK 60
46%
Wieluń - Bełchatów - Piotrków Tryb. - Sulejów - Kielce - Opatów - Ożarów - Kraśnik - Janów Lubelski - Frampol - Szczebrzeszyn - Zamość - Hrubieszów - Zosin - granica PaństwaDK 74
46%
Trzebnica - Milicz - Krotoszyn - Jarocin - Września - Gniezno - Inowrocław - Toruń - Brodnica - Lubawa - OstródaDK 15
44%
granica Państwa - Gubinek - Połupin - Zielona Góra - Sulechów - Wolsztyn - węzeł Stęszew (DK 5)DK 32
44%
Wieluń - Rudniki - Kłobuck - CzęstochowaDK 43
44%
węzeł Tuszno (Toruń Północ) (A1) - Gronowo (DK 15)DK 96
44%
Konin - Turek - Łódź - Brzeziny - Rawa MazowieckaDK 72
43%
Miastko - Suchorze - Słupsk - UstkaDK 21
42%
granica Państwa - Golińsk - Mieroszów - Wałbrzych - Świdnica - węzeł Bielany Wrocławskie (DK 4)DK 35
42%
Gliwice - Mikołów - Tychy - Oświęcim - Zator - Skawina - KrakówDK 44
42%
Nowy Sącz - Stary Sącz - Piwniczna-Zdrój - granica PaństwaDK 87
42%
Łowicz - Stryków - Łódź - Dobroń (Węzeł Róża DK 8)DK 14
41%
Węzeł Zgorzelec (DK 4) - Lubań - Gryfów Śląski - Jelenia GóraDK 30
41%
Kłodzko - Międzylesie - Boboszów - granica PaństwaDK 33
41%
Kłodzko - Nysa - Opole - Ozimek - Lubliniec - Częstochowa - Janów - SzczekocinyDK 46
41%
Kraków - Brzesko - Nowy Sącz - Krzyżówka - Muszynka - granica PaństwaDK 75
41%
granica Państwa - Chałupki - Wodzisław Śląski - Rybnik - Gliwice - Tarnowskie Góry - Zawiercie - Szczekociny - Jędrzejów - ChmielnikDK 78
41%
granica Państwa - Głuchołazy - Prudnik - Kędzierzyn-Koźle - PyskowiceDK 40
40%
Giżycko - Ryn - Mrągowo - RozogiDK 59
40%
Lipnik - Sandomierz - Stalowa Wola - Leżajsk - Jarosław - Radymno - PrzemyślDK 77
40%
węzeł Rzeszów Wschód (DK 4) - Rzeszów (DK 94)DK 97
40%
Prochowice - Lubin - Ścinawa - Rawicz - Krotoszyn - Ostrów WielkopolskiDK 36
39%
Darłowo - Karwice (DK 6)DK 37
39%
Strzelno - Kobylniki - Radziejów - Włocławek - Płock - Wyszogród - Nowy Dwór Mazowiecki - Pomiechówek - Serock - Wyszków - Łochów - Węgrów - Sokołów Podlaski - Drohiczyn - SiemiatyczeDK 62
39%
Zambrów - Wysokie Mazowieckie - Brańsk - Bielsk Podlaski - Czeremcha - granica PaństwaDK 66
39%
Szczecin - Przecław - Rosówek - granica PaństwaDK 13
38%
Nysa - Prudnik - Trzebina - granica PaństwaDK 41
38%
Zabełków (DK 78) - Krzyżanowice - Racibórz - Opole - Kluczbork - Wieluń (DK 8)DK 45
38%
granica Państwa - Gołdap - Olecko - Ełk - Grajewo - Mońki - Białystok - Bobrowniki - granica PaństwaDK 65
38%
Szczecin - Gryfino - Chojna - Kostrzyn - SłubiceDK 31
36%
Nowy Targ - Czarna Góra - Jurgów - granica PaństwaDK 49
36%
Pawłówek - Bydgoszcz - Toruń - LubiczDK 80
36%
Strzelce Opolskie - Gliwice - BytomDK 88
36%
Namysłów - Kluczbork - Rudniki - Działoszyn - Pajęczno - Nowa Brzeźnica - Radomsko - Końskie - Skarżysko-Kamienna - RudnikDK 42
35%
Tomaszów Mazowiecki - Białobrzegi - Głowaczów - Kozienice - Dęblin - KockDK 48
35%
granica Państwa - Bezledy - Bartoszyce - Lidzbark Warmiński - Dobre Miasto - Olsztyn - OlsztynekDK 51
35%
granica Państwa - Kukuryki - Wólka Dobryńska (DK 2)DK 68
35%
granica Państwa - Krajnik Dolny - Chojna - Myślibórz (DK 3)DK 26
34%
granica Państwa - Przewóz - Żary - Zielona GóraDK 27
34%
granica Państwa - Słubice - Krosno OdrzańskieDK 29
34%
Olsztynek - Zgniłocha - Jedwabno - Szczytno - Ruciane-Nida - Pisz - Biała Piska - SzczuczynDK 58
34%
Katowice - Mikołów - Żory - SkoczówDK 81
34%
Koronowo (DK 25) - Trzeciewiec (DK 5)DK 56
33%
Lipno - WłocławekDK 67
33%
Łowicz - Skierniewice - Huta ZawadzkaDK 70
33%
Wilga - Garwolin - Stoczek Łukowski - ŁukówDK 76
33%
Myślibórz - Dębno - SarbinowoDK 23
32%
Łagiewniki - Strzelin - Brzeg - Namysłów - KępnoDK 39
32%
Węzeł Olsztyn Pieczewo (DK 16) - Szczytno - Rozogi - Myszyniec - OstrołękaDK 53
32%
Chruściel - Braniewo - Gronowo - granica PaństwaDK 54
32%
Bartoszyce - Biskupiec - Szczytno - Przasnysz - Maków Mazowiecki - PułtuskDK 57
32%
Stryków - Zgierz - Pabianice - RzgówDK 71
32%
Węzeł Lublin Tatary (DK 12) - Cyców (hehe) - Włodawa - granica PaństwaDK 82
32%
Sanok - Lesko - Ustrzyki Dolne - Krościenko - granica PaństwaDK 84
32%
Węzeł Żuławy Wschód (DK 7) - Malbork - Kwidzyn - Grudziądz - StolnoDK 55
31%
Pniewy - Gorzyń - Skiwerzyna - WałdowiceDK 24
29%
Świebodzice - DobromierzDK 34
29%
Turek - Dobra - SieradzDK 83
29%
Nowy Dwór Mazowiecki - Kazuń (DK 7)DK 85
29%
węzeł Konstytucji 3 Maja (DK 55) - węzeł Grudziądz (DK 1)DK 95
28%
Jeleń (DK 91) - Baldram (DK 55)DK 90
27%
granica Państwa - Pietrowice - Głubczyce - Reńska Wieś (DK 45)DK 38
26%
Piątnica Poduchowna - Wizna - Jeżewo StareDK 64
26%

Rozkład punktacji

Percentyl według liczby udzielonych odpowiedzi

Procent ludzi z każdym wynikiem

Twoja historia wyników

Nie rozwiązałeś tego quizu